|
|
|
|
| LEADER |
00000nam0a2200000 4500 |
| 001 |
156834 |
| 005 |
20231031153423.0 |
| 035 |
|
|
|a (RuTPU)RU\TPU\book\170085
|
| 090 |
|
|
|a 156834
|
| 100 |
|
|
|a 20090331d1971 km y0rusy50 ca
|
| 101 |
1 |
|
|a rus
|c eng
|
| 102 |
|
|
|a RU
|
| 105 |
|
|
|a a z 001zy
|
| 200 |
1 |
|
|a Современные проблемы электрохимии
|e пер. с англ.
|f под ред. Я. М. Колотыркина
|
| 210 |
|
|
|a Москва
|c Мир
|d 1971
|
| 215 |
|
|
|a 450 с.
|c ил.
|
| 320 |
|
|
|a Библиография в конце глав.
|
| 610 |
1 |
|
|a электрохимия
|
| 610 |
1 |
|
|a гидратация
|
| 610 |
1 |
|
|a термодинамические свойства
|
| 675 |
|
|
|a 544.6
|v 3
|
| 702 |
|
1 |
|a Колотыркин
|b Я. М.
|4 340
|
| 801 |
|
1 |
|a RU
|b 63413507
|c 20090331
|g PSBO
|
| 801 |
|
2 |
|a RU
|b 63413507
|c 20190326
|g PSBO
|
| 942 |
|
|
|c BK
|